| 000 | 00830aam a2200337 4500 | ||
|---|---|---|---|
| 005 | 20231206112916.0 | ||
| 008 | 150604b2011 xxu||||| |||| 00| 0 spa d | ||
| 020 | _a9789968561266 | ||
| 041 | _aESP | ||
| 082 | _a345 A494d | ||
| 100 |
_aAmbos, Kai _922785 |
||
| 245 | _aDerecho procesal penal contemporáneo | ||
| 260 | _aCosta Rica | ||
| 260 | _bJurídica Continental | ||
| 260 | _c2011 | ||
| 300 | _a680 páginas | ||
| 650 | _aDERECHO PENAL | ||
| 650 | _aDELITO CULPOSO | ||
| 650 | _aCULPABILIDAD | ||
| 650 | _aDELITO DE OMISIÓN | ||
| 650 | _aOMISIÓN IMPROPIA | ||
| 650 | _aTENTATIVA | ||
| 650 | _aAUTORÍA | ||
| 650 | _aTEORÍAS MIXTAS | ||
| 650 | _aACTOS DE EJECUCIÓN | ||
| 650 | _aDELITO IMPOSIBLE | ||
| 650 | _aDELITO ILUSORIO | ||
| 650 | _aDESESTIMIENTO | ||
| 942 |
_cBK _2ddc |
||
| 999 |
_c2600 _d2600 |
||